000 00693nam a2200229Ia 4500
003 GCL
008 140319s9999 xx 000 0 ara d
040 _aGCL /
_cGCL
082 0 4 _a281.9
_bع ك
100 1 _aعزت ذكى
245 1 0 _aكنائس المشرق /
_cعزت ذكى
260 _a[S.N] :
_bدار الثقافة العربية ،
_c1991
300 _a224 ص
490 _a
650 0 4 _aالارساليات التبشيرية
650 0 4 _aالكنائس الارمنية
650 0 4 _aالكنيسة المارونية
650 0 4 _aالكنيسة الارمنية
650 0 4 _aالكنائس الارثوذكسية
650 0 4 _aالكنائس
942 _2ddc
_cBK
999 _c44990
_d44990